Представление документа в формате MARC21

Поле Инд. ПП Название Значение
Тип записи a
Библиографический уровень m
001 Контрольный номер 7608d7277327428c88ea3981ea2d1487
005 Дата корректировки 20190328125903.2
008 Кодируемые данные 171219|||||||||ru |||||||||||||||||rus||
020 a ISBN 978-5-98604-584-9
041 0_ a Код языка текста rus
084 a Индекс другой классификации/Индекс ББК 26.89(2Рос-4Мур)+63.3(2Рос-4Мур)+26.8г
090 a Полочн. индекс 26.89(2Рос-4Мур)
x Авторский знак Б 49
100 1_ a Автор Берлин В. Э.
245 10 a Заглавие Герман Крепс - гражданин Лапландии
260 a Место издания Москва
b Издательство ПРОБЕЛ
c Дата издания 2016
300 a Объем 222, [1] с., [8] л. ил.
504 a Библиография Библиогр.: с. 222
600 14 a Персоналии Крепс Г., русский геоботаник, зоолог, этнограф, путешественник
650 04 a Основная рубрика География Кольского Севера-Лапландский заповедник-Персоналии
651 _4 a Географическое наименование Лапландский заповедник
653 0_ a Ключевые слова География Лапландии
a Ключевые слова География Кольского Севера
a Ключевые слова Биография Германа Крепса
a Ключевые слова История Лапландского заповедника
a Ключевые слова Краеведение
900 a Имя макрообъекта гражданин лапландии
901 t Тип документа m